|
|
|
|
| LEADER |
01571nam a2200385 i 4500 |
| 001 |
EBC2008388 |
| 003 |
MiAaPQ |
| 005 |
20200520144314.0 |
| 006 |
m o d | |
| 007 |
cr cnu|||||||| |
| 008 |
150430t20142014it a ob 000 0 ita d |
| 020 |
|
|
|a 9788834853191
|q (electronic bk.)
|
| 035 |
|
|
|a (MiAaPQ)EBC2008388
|
| 035 |
|
|
|a (Au-PeEL)EBL2008388
|
| 035 |
|
|
|a (CaPaEBR)ebr11043832
|
| 035 |
|
|
|a (OCoLC)908100946
|
| 040 |
|
|
|a MiAaPQ
|b eng
|e rda
|e pn
|c MiAaPQ
|d MiAaPQ
|
| 050 |
|
4 |
|a HF5550
|b .E446 2014
|
| 082 |
0 |
|
|a 658.154
|2 23
|
| 245 |
0 |
0 |
|a Elementi di bilancio e di management.
|n Volume 2 :
|b Strumenti manageriali per il governo economico dell'azienda /
|c a cura di Marco Allegrini [and three others].
|
| 264 |
|
1 |
|a Torino, [Italy] :
|b G. Giappichelli Editore,
|c 2014.
|
| 264 |
|
4 |
|c 2014
|
| 300 |
|
|
|a 1 online resource (247 pages) :
|b illustrations
|
| 336 |
|
|
|a text
|2 rdacontent
|
| 337 |
|
|
|a computer
|2 rdamedia
|
| 338 |
|
|
|a online resource
|2 rdacarrier
|
| 504 |
|
|
|a Includes bibliographical references.
|
| 588 |
|
|
|a Description based on online resource; title from PDF cover (ebrary, viewed April 30, 2015).
|
| 590 |
|
|
|a Electronic reproduction. Ann Arbor, MI : ProQuest, 2015. Available via World Wide Web. Access may be limited to ProQuest affiliated libraries.
|
| 650 |
|
0 |
|a Budget in business.
|
| 650 |
|
0 |
|a Business enterprises
|x Finance.
|
| 655 |
|
4 |
|a Electronic books.
|
| 700 |
1 |
|
|a Allegrini, Marco,
|e editor.
|
| 797 |
2 |
|
|a ProQuest (Firm)
|
| 856 |
4 |
0 |
|u https://ebookcentral.proquest.com/lib/matrademy/detail.action?docID=2008388
|z Click to View
|